Normal view
MARC view
Entry Personal Name
001 - CONTROL NUMBER
- control field: 18103
003 - CONTROL NUMBER IDENTIFIER
- control field: OSt
005 - DATE AND TIME OF LATEST TRANSACTION
- control field: 20240626143808.0
008 - FIXED-LENGTH DATA ELEMENTS
- fixed length control field: 240626|| aca||aabn | a|a d
040 ## - CATALOGING SOURCE
- Original cataloging agency: OSt
- Transcribing agency: OSt
100 ## - HEADING--PERSONAL NAME
- Personal name: Hallam, Susan
670 ## - SOURCE DATA FOUND
- Source citation: Work cat.: (OSt)8941: Hallam, Susan, Instrumental Teaching: a practical guide to better teaching and learning, 1998
